[Event "Int. Stuttgarter Stadtmeisterschaft C"]
[Site "Ditzingen"]
[Date "2018.05.11"]
[Round "4.1"]
[White "Dietrich, Malte"]
[Black "Kandler, Christoph"]
[Result "1-0"]
[WhiteElo "1419"]
[BlackElo "1557"]
[PlyCount "93"]
[EventDate "2018.??.??"]
[WhiteTeam "Rochade Metzingen"]
[BlackTeam "SF Nabern"]

1. d4 Nf6 2. c4 e6 3. g3 d5 4. Bg2 Bb4+ 5. Bd2 Nc6 6. Bxb4 Nxb4 7. Nf3 O-O 8.
Nc3 dxc4 9. Ne5 c6 10. Nxc4 b5 11. Ne5 Nbd5 12. Rc1 Bb7 13. O-O b4 14. Na4 Rc8
15. Nc5 Ba8 16. Qa4 a5 17. Nb3 Nd7 18. Nxd7 Qxd7 19. Qxa5 Qd6 20. e4 Ne7 21. e5
Qb8 22. Rc4 Nd5 23. Bxd5 cxd5 24. Rxb4 Qc7 25. Qxc7 Rxc7 26. Nc5 Ra7 27. Ra1
Bc6 28. a4 Rfa8 29. b3 Ra5 30. Rc1 Rc8 31. Rb6 Ra7 32. Na6 Rxa6 33. Rxa6 Bb7
34. Rxc8+ Bxc8 35. Ra8 Kf8 36. Rxc8+ Ke7 37. a5 Kd7 38. Rc5 f6 39. f4 fxe5 40.
fxe5 Ke7 41. a6 Kf7 42. a7 Kg6 43. a8=Q Kf5 44. Qf8+ Ke4 45. Qf4+ Kd3 46. Kf2
g5 47. Qe3# 1-0

[Event "Int. Stuttgarter Stadtmeisterschaft C"]
[Site "Ditzingen"]
[Date "2018.05.11"]
[Round "4.3"]
[White "Meißner, Ole"]
[Black "Jüttner, Mark"]
[Result "1/2-1/2"]
[WhiteElo "1298"]
[BlackElo "1472"]
[PlyCount "45"]
[EventDate "2018.??.??"]
[WhiteTeam "SK Bietigheim-Bissingen"]
[BlackTeam "SpVgg Rommelshausen"]

1. e4 e5 2. Nf3 Nc6 3. Bc4 Nf6 4. Ng5 d5 5. exd5 Nxd5 6. Nxf7 Kxf7 7. Qf3+ Qf6
8. Bxd5+ Be6 9. Bxe6+ Kxe6 10. Qb3+ Kd7 11. Nc3 Rd8 12. d3 Kc8 13. Ne4 Qf5 14.
Be3 Bb4+ 15. Nc3 Qg4 16. Rg1 Rhe8 17. f3 Qh4+ 18. g3 Qxh2 19. O-O-O Nd4 20.
Bxd4 exd4 21. Qxb4 dxc3 22. Qxc3 Re2 23. Kb1 1/2-1/2

[Event "Int. Stuttgarter Stadtmeisterschaft C"]
[Site "Ditzingen"]
[Date "2018.05.11"]
[Round "4.4"]
[White "Stecher, Oliver"]
[Black "Izquierdo, Antonio"]
[Result "1-0"]
[WhiteElo "1181"]
[BlackElo "1486"]
[PlyCount "37"]
[EventDate "2018.??.??"]
[WhiteTeam "SSV Zuffenhausen"]
[BlackTeam "TSF Ditzingen"]

1. e4 e5 2. Nf3 Nf6 3. Nc3 Bc5 4. h3 Nc6 5. Nxe5 Bxf2+ 6. Kxf2 Nxe5 7. d4 Ng6
8. e5 Ng8 9. Bc4 Qh4+ 10. g3 Qd8 11. Ne4 f6 12. Qf3 Qe7 13. Bxg8 Rxg8 14. exf6
Qf7 15. Re1 Ne7 16. Nd6+ cxd6 17. Rxe7+ Qxe7 18. fxe7 Kxe7 19. Bg5+ 1-0

[Event "Int. Stuttgarter Stadtmeisterschaft C"]
[Site "Ditzingen"]
[Date "2018.05.11"]
[Round "4.5"]
[White "Weisensel, Wolfgang"]
[Black "Fischer, Uta"]
[Result "1/2-1/2"]
[WhiteElo "1685"]
[BlackElo "1074"]
[PlyCount "77"]
[EventDate "2018.??.??"]
[WhiteTeam "Stuttgarter SF"]
[BlackTeam "SC Aidlingen"]

1. Nf3 Nc6 2. d4 d5 3. Bf4 Nf6 4. Nbd2 Bf5 5. a3 Ne4 6. e3 Nxd2 7. Qxd2 a6 8.
h3 h6 9. Bd3 Bxd3 10. Qxd3 e6 11. O-O Bd6 12. Bxd6 Qxd6 13. Rfd1 O-O 14. c4
dxc4 15. Qxc4 Qd5 16. Qxd5 exd5 17. b4 Rac8 18. Rdc1 f6 19. Rc5 Ne7 20. Rac1 c6
21. Nd2 f5 22. Nf3 f4 23. exf4 Rxf4 24. a4 b6 25. R5c2 b5 26. axb5 axb5 27. Ne5
Rxd4 28. Nxc6 Nxc6 29. Rxc6 Rxc6 30. Rxc6 Rxb4 31. Rd6 d4 32. Rd5 Rb1+ 33. Kh2
Rb4 34. Kg3 Rb3+ 35. Kf4 Rb2 36. Kf3 Rb4 37. Ke4 Rb2 38. Kf3 Rb4 39. Ke4
1/2-1/2

[Event "Int. Stuttgarter Stadtmeisterschaft C"]
[Site "Ditzingen"]
[Date "2018.05.11"]
[Round "4.6"]
[White "Stegmiller, Dennis"]
[Black "Wolff, Calvin"]
[Result "1-0"]
[WhiteElo "1502"]
[BlackElo "975"]
[PlyCount "89"]
[EventDate "2018.??.??"]
[WhiteTeam "TSF Ditzingen"]
[BlackTeam "Heilbronner SV"]

1. d4 d5 2. c4 dxc4 3. e3 Nf6 4. Bxc4 g6 5. Nf3 Bg4 6. Nc3 Bg7 7. h3 Bxf3 8.
Qxf3 O-O 9. Qxb7 Nbd7 10. O-O Rb8 11. Qf3 Nb6 12. Bb3 Qc8 13. Bd2 Nbd7 14. Rac1
Qa6 15. Nd5 Nxd5 16. Qxd5 Nf6 17. Qc4 Qb7 18. Qxc7 Qxc7 19. Rxc7 e6 20. Rxa7
Rfd8 21. Rc1 Ne8 22. Rc2 Nd6 23. Ba5 Re8 24. Ba4 Nb5 25. Rd7 Ra8 26. b4 Rab8
27. Bxb5 Rxb5 28. Rcc7 Rf8 29. a4 Rbb8 30. b5 Bf6 31. Bb4 Rfe8 32. Rxf7 Be7 33.
Rcxe7 Rxe7 34. Rxe7 Rc8 35. Bc5 Ra8 36. Ra7 Rb8 37. b6 h5 38. b7 Kf7 39. Bd6
Rxb7 40. Rxb7+ Ke8 41. a5 Kd8 42. a6 Kc8 43. Rh7 Kd8 44. a7 Kc8 45. a8=Q# 1-0

[Event "Int. Stuttgarter Stadtmeisterschaft C"]
[Site "Ditzingen"]
[Date "2018.05.11"]
[Round "4.7"]
[White "Eid, Sami"]
[Black "Al Khalaf, Mohamad"]
[Result "1-0"]
[WhiteElo "1034"]
[BlackElo "1233"]
[PlyCount "139"]
[EventDate "2018.??.??"]
[WhiteTeam "SF Freiberg"]
[BlackTeam "SV Backnang"]

1. e4 e5 2. Nf3 Nc6 3. Bc4 Nd4 4. d3 Nxf3+ 5. Qxf3 Nf6 6. Nc3 Bb4 7. Be3 c6 8.
a3 Bxc3+ 9. bxc3 d5 10. exd5 cxd5 11. Bb3 Bg4 12. Qg3 Qc7 13. Bd2 O-O-O 14. h3
Be6 15. Qxg7 Nd7 16. O-O Rdg8 17. Qh6 Rg6 18. Qh4 Rhg8 19. g3 f5 20. Kh2 Nf6
21. Rg1 e4 22. Qf4 Qxf4 23. Bxf4 Nd7 24. Rae1 exd3 25. cxd3 Nc5 26. Bc2 Rd8 27.
d4 Ne4 28. g4 fxg4 29. a4 gxh3 30. Rxg6 hxg6 31. Bxe4 dxe4 32. Rxe4 Bf5 33. Re5
Kd7 34. d5 Rc8 35. d6 Re8 36. Rb5 Kc6 37. Rb4 a5 38. Rc4+ Kd7 39. Rc7+ Kd8 40.
Rxb7 Kc8 41. Rc7+ Kd8 42. Bg5+ Re7 43. Rxe7 Bd7 44. Rg7+ Ke8 45. Rxg6 Kf7 46.
Rf6+ Kg7 47. Rf4 Kg6 48. Be7 Kg7 49. c4 Bxa4 50. c5 Bd7 51. Rd4 Kf7 52. c6 Bxc6
53. d7 Bxd7 54. Rxd7 Ke6 55. Ra7 a4 56. Ba3 Ke5 57. Kxh3 Kf4 58. Kg2 Ke4 59.
Rxa4+ Kd3 60. f3 Ke3 61. Kg3 Kd3 62. f4 Kc3 63. f5 Kb3 64. Rh4 Kxa3 65. f6 Kb3
66. f7 Kc3 67. f8=Q Kd3 68. Qf3+ Kd2 69. Rh2+ Kc1 70. Qf1# 1-0

[Event "Int. Stuttgarter Stadtmeisterschaft C"]
[Site "Ditzingen"]
[Date "2018.05.11"]
[Round "4.8"]
[White "Renz, Rebecca"]
[Black "Rappazzo, Johannes"]
[Result "0-1"]
[WhiteElo "1184"]
[BlackElo "1494"]
[PlyCount "78"]
[EventDate "2018.??.??"]
[WhiteTeam "SK Sachsenheim"]
[BlackTeam "Zürich Chess4Kids"]

1. e4 e5 2. Nf3 Nc6 3. d4 exd4 4. Bc4 Bc5 5. c3 dxc3 6. Bxf7+ Kxf7 7. Qd5+ Ke8
8. Qh5+ Kf8 9. Qxc5+ Qe7 10. Qe3 Nf6 11. Nxc3 Nb4 12. Qe2 d5 13. Bg5 dxe4 14.
a3 Nc2+ 15. Qxc2 exf3+ 16. Kd1 fxg2 17. Rg1 Bg4+ 18. Kc1 Rd8 19. b3 Qe5 20. Be3
Ne4 21. Kb2 Bf3 22. Rae1 Kf7 23. b4 Qxc3+ 24. Qxc3 Nxc3 25. Kxc3 Rd7 26. Bf4
Rhd8 27. Kc2 Rd1 28. Bxc7 R8d2+ 29. Kc3 Rxf2 30. Rxd1 Bxd1 31. Rxd1 Rf1 32.
Rxf1+ gxf1=Q 33. Kb3 Qb1+ 34. Ka4 Qc2+ 35. Ka5 Qxc7+ 36. Ka4 Qc3 37. h4 a6 38.
h5 b6 39. h6 Qc2# 0-1

[Event "Int. Stuttgarter Stadtmeisterschaft C"]
[Site "Ditzingen"]
[Date "2018.05.11"]
[Round "4.9"]
[White "Wilczek, Daniel"]
[Black "Jünk, Stefan"]
[Result "1-0"]
[WhiteElo "1139"]
[BlackElo "1621"]
[PlyCount "53"]
[EventDate "2018.??.??"]
[WhiteTeam "SV Backnang"]
[BlackTeam "SC Leinzell"]

1. e4 e5 2. d4 exd4 3. Bc4 Nc6 4. Nf3 h6 5. Nxd4 Bc5 6. c3 Qf6 7. Be3 d6 8. O-O
Ne5 9. Be2 Qg6 10. Bf3 Nf6 11. Nd2 O-O 12. Qe2 Re8 13. b4 Bb6 14. Nb5 Nxf3+ 15.
Qxf3 Bg4 16. Qg3 c5 17. bxc5 Nh5 18. Qxd6 Re6 19. Qd5 Rd8 20. Qxb7 Bxc5 21.
Bxc5 Rxd2 22. Be3 Bf3 23. g3 Re2 24. Nd4 Nxg3 25. Qb8+ Kh7 26. Qxg3 Qxe4 27.
Nxe6 1-0

[Event "Int. Stuttgarter Stadtmeisterschaft C"]
[Site "Ditzingen"]
[Date "2018.05.11"]
[Round "4.10"]
[White "Volk, Emil"]
[Black "Winterkorn, Nikolaus"]
[Result "1-0"]
[WhiteElo "947"]
[BlackElo "1335"]
[PlyCount "63"]
[EventDate "2018.??.??"]
[WhiteTeam "SC Grunbach"]
[BlackTeam "DJK Sportbund Stgt."]

1. e4 e5 2. Nf3 d6 3. Nc3 Nf6 4. Bc4 h6 5. d3 Bg4 6. Be3 a6 7. O-O Nbd7 8. Nd5
Nxd5 9. Bxd5 c6 10. Bc4 Be7 11. h3 Bh5 12. c3 O-O 13. Bb3 b5 14. d4 Bf6 15. d5
c5 16. c4 Nb6 17. a3 Qd7 18. Rc1 Rfc8 19. Nxe5 Bxd1 20. Nxd7 Nxd7 21. Rfxd1
Bxb2 22. Rc2 Bxa3 23. Bf4 Nf6 24. Re2 Rd8 25. e5 Nh5 26. Bh2 Re8 27. e6 fxe6
28. Rxe6 Rxe6 29. dxe6 Rd8 30. Bxd6 Nf6 31. cxb5 axb5 32. e7+ 1-0

[Event "Int. Stuttgarter Stadtmeisterschaft C"]
[Site "Ditzingen"]
[Date "2018.05.11"]
[Round "4.11"]
[White "Schmid, Aaron"]
[Black "Hilger, Herbert"]
[Result "1/2-1/2"]
[WhiteElo "1308"]
[BlackElo "1207"]
[PlyCount "83"]
[EventDate "2018.??.??"]
[WhiteTeam "Zürich Chess4Kids"]
[BlackTeam "SV Stuttgart-Wolfbusch"]

1. d4 d5 2. Nf3 Nf6 3. g3 e6 4. Bg2 c5 5. c3 cxd4 6. cxd4 Nc6 7. Nc3 Bb4 8. a3
Be7 9. Bf4 Bd6 10. Ne5 Bxe5 11. dxe5 Nd7 12. Qa4 Nc5 13. Qb5 Qe7 14. e3 a6 15.
Qe2 O-O 16. h4 Nd7 17. g4 Ncxe5 18. Bxe5 Nxe5 19. f4 Nc4 20. h5 f6 21. Nxd5
exd5 22. Bxd5+ Kh8 23. Bxc4 Rd8 24. f5 b5 25. Bd3 Bb7 26. Rh3 Be4 27. Bxe4 Qxe4
28. h6 Rg8 29. hxg7+ Rxg7 30. Qf3 Qxf3 31. Rxf3 Rag8 32. Rc1 Rxg4 33. Rc6 Rg1+
34. Kd2 Rd8+ 35. Kc2 Rg2+ 36. Kb3 Rd3+ 37. Ka2 Rdd2 38. Rxf6 Rxb2+ 39. Ka1 Ra2+
40. Kb1 Rab2+ 41. Kc1 Ra2 42. Kb1 1/2-1/2

[Event "Int. Stuttgarter Stadtmeisterschaft C"]
[Site "Ditzingen"]
[Date "2018.05.11"]
[Round "4.12"]
[White "Esser, Milan"]
[Black "Hennicken, Arnold"]
[Result "0-1"]
[WhiteElo "974"]
[BlackElo "1298"]
[PlyCount "120"]
[EventDate "2018.??.??"]
[WhiteTeam "SV Dettingen Erms"]
[BlackTeam "SF Esch"]

1. d4 d6 2. c4 Nf6 3. Nf3 g6 4. g3 Bg7 5. Bg2 O-O 6. O-O Nbd7 7. Nc3 e5 8. e4
h6 9. b3 c6 10. Bb2 Re8 11. Re1 exd4 12. Nxd4 Ne5 13. h3 Nfd7 14. Nde2 Nc5 15.
Nf4 g5 16. Nh5 Ncd3 17. Re3 Nxb2 18. Qc2 Nbd3 19. Rxd3 Nxd3 20. Qxd3 Bf8 21.
Nd1 Qe7 22. Ne3 Qe5 23. Rb1 Bd7 24. f4 gxf4 25. Nxf4 Bg7 26. Rf1 Qd4 27. Rd1
Qxd3 28. Rxd3 Bf8 29. Nh5 Be7 30. e5 Bg5 31. Nf6+ Bxf6 32. exf6 Re6 33. Ng4 Kh7
34. Kh2 Rd8 35. h4 h5 36. Ne3 Rxf6 37. Be4+ Kg7 38. Rd4 Be6 39. Ng2 Rf2 40. Rd3
Rxa2 41. Rf3 d5 42. cxd5 Bxd5 43. Bxd5 Rxd5 44. Kh3 Rad2 45. Nf4 Rb5 46. g4
hxg4+ 47. Kxg4 Rb2 48. Nh5+ Kf8 49. Nf6 R2xb3 50. Rxb3 Rxb3 51. h5 Kg7 52. Ne8+
Kh6 53. Nf6 Rb4+ 54. Kf5 a5 55. Ke5 a4 56. Kd6 a3 57. Ke7 a2 58. Kxf7 Rf4 59.
Ke6 Rxf6+ 60. Kxf6 a1=Q+ 0-1

[Event "Int. Stuttgarter Stadtmeisterschaft C"]
[Site "Ditzingen"]
[Date "2018.05.11"]
[Round "4.14"]
[White "Drianis, Anton"]
[Black "Reichmann, Bernd"]
[Result "1-0"]
[WhiteElo "1233"]
[BlackElo "1141"]
[PlyCount "57"]
[EventDate "2018.??.??"]
[WhiteTeam "SK Gerlingen"]
[BlackTeam "SV Fellbach"]

1. d4 Nf6 2. c4 e6 3. Nc3 c5 4. e3 d5 5. cxd5 Nxd5 6. Nf3 cxd4 7. exd4 a6 8.
Be2 Bb4 9. Bd2 Nxc3 10. bxc3 Be7 11. O-O O-O 12. Bf4 Bd6 13. Bxd6 Qxd6 14. Rb1
Nd7 15. Qd3 Nb6 16. Bd1 Nd7 17. Bc2 g6 18. Rfe1 Re8 19. Ng5 Qf4 20. Nh3 Qf6 21.
Re4 Qd8 22. Qg3 Nf6 23. Rh4 Nh5 24. Rxh5 Qf6 25. Re5 b5 26. Be4 Ra7 27. Ng5 Kg7
28. Bc6 Ree7 29. Ne4 1-0

[Event "Int. Stuttgarter Stadtmeisterschaft C"]
[Site "Ditzingen"]
[Date "2018.05.11"]
[Round "4.15"]
[White "Hoffmann, Julian"]
[Black "Ropertz, Benjamin"]
[Result "1/2-1/2"]
[WhiteElo "1219"]
[BlackElo "1027"]
[PlyCount "113"]
[EventDate "2018.??.??"]
[WhiteTeam "Schach-Kids Bernhausen"]
[BlackTeam "TSF Ditzingen"]

1. d4 d5 2. c4 dxc4 3. e4 e5 4. Nf3 exd4 5. Nxd4 Bb4+ 6. Nc3 c5 7. Ndb5 Qxd1+
8. Kxd1 Bxc3 9. bxc3 Kd7 10. Bf4 Na6 11. Bxc4 Nf6 12. Nd6 Rd8 13. f3 Ke7 14. e5
Ne8 15. Kc2 Be6 16. Bxe6 Nxd6 17. exd6+ Kxe6 18. Rhe1+ Kf5 19. Re4 Re8 20. Rae1
Rxe4 21. Rxe4 Rd8 22. g4+ Kf6 23. h4 Rd7 24. Bg5+ Kg6 25. f4 f6 26. f5+ Kf7 27.
Bf4 Nb8 28. g5 Nc6 29. Re6 Nd8 30. Re4 b6 31. gxf6 Kxf6 32. Bg5+ Kf7 33. Bxd8
Rxd8 34. Re7+ Kf6 35. Rxa7 Rxd6 36. a4 h6 37. Ra6 Ke5 38. Kb3 Kd5 39. c4+ Ke5
40. Ra7 Kxf5 41. Rxg7 Rd3+ 42. Kb2 Rd4 43. Rb7 Rxc4 44. Rxb6 h5 45. a5 Kg4 46.
Rg6+ Kxh4 47. a6 Ra4 48. Kb3 Ra5 49. Kc4 Kh3 50. Kb3 h4 51. Kc4 Kh2 52. Kb3 h3
53. Kc4 Kh1 54. Kb3 h2 55. Kc4 Ra1 56. Kxc5 Rg1 57. a7 1/2-1/2

[Event "Int. Stuttgarter Stadtmeisterschaft C"]
[Site "Ditzingen"]
[Date "2018.05.11"]
[Round "4.17"]
[White "Dörr, Florian"]
[Black "Hamar, Dirk"]
[Result "1-0"]
[WhiteElo "972"]
[BlackElo "1486"]
[PlyCount "73"]
[EventDate "2018.??.??"]
[WhiteTeam "SC Ostfildern"]
[BlackTeam "Karlsruher SF"]

1. d4 d5 2. g3 Nf6 3. Bg2 Bf5 4. c4 c6 5. Nc3 dxc4 6. Bg5 Qb6 7. b3 cxb3 8.
axb3 Na6 9. e4 Bd7 10. Rb1 h6 11. Bxf6 exf6 12. Nge2 Bb4 13. O-O O-O 14. Na4
Qc7 15. Qd3 Rad8 16. Rfd1 Rfe8 17. d5 Bc8 18. Nd4 b5 19. Nc3 Bxc3 20. Qxc3 cxd5
21. Qxc7 Nxc7 22. Nc6 Rd6 23. exd5 Bb7 24. Rbc1 a6 25. Bf3 g5 26. Rc3 f5 27.
Re3 Rxe3 28. fxe3 f4 29. gxf4 gxf4 30. exf4 Rg6+ 31. Kf2 Rf6 32. Rd4 Rd6 33.
Ke3 b4 34. f5 Nb5 35. Rxb4 Ba8 36. Kf4 Nc3 37. Rb8+ 1-0

[Event "Int. Stuttgarter Stadtmeisterschaft C"]
[Site "Ditzingen"]
[Date "2018.05.11"]
[Round "4.18"]
[White "Krause, Benjamin"]
[Black "Maier, Manuel"]
[Result "1/2-1/2"]
[WhiteElo "853"]
[BlackElo "1362"]
[PlyCount "94"]
[EventDate "2018.??.??"]
[WhiteTeam "SV Stuttgart-Wolfbusch"]
[BlackTeam "SV Reutlingen"]

1. e4 c5 2. Nf3 a6 3. d4 cxd4 4. Nxd4 e5 5. Nf3 Nf6 6. Bg5 Qa5+ 7. Qd2 Qb6 8.
Bxf6 Qxf6 9. Qd5 Nc6 10. c3 d6 11. Be2 Be6 12. Qd1 Qg6 13. Bf1 Qxe4+ 14. Qe2
Qxe2+ 15. Bxe2 Be7 16. Nbd2 b5 17. b4 O-O 18. O-O d5 19. Ne1 d4 20. Bf3 Rac8
21. Bxc6 Rxc6 22. cxd4 Rd8 23. Nef3 exd4 24. a3 Bf6 25. Ne4 Bc4 26. Nxf6+ Rxf6
27. Rfd1 Rfd6 28. Ne5 Be6 29. Rd2 f6 30. Nf3 d3 31. Rad1 Bc4 32. Ne1 Re8 33.
Kf1 Re2 34. Nf3 Rxd2 35. Rxd2 Re6 36. Nd4 Re4 37. Nf3 Re2 38. Rxe2 dxe2+ 39.
Ke1 Kf7 40. Nd4 g5 41. Nxe2 Bxe2 42. Kxe2 Ke6 43. Ke3 Ke5 44. f3 h5 45. g3 f5
46. f4+ gxf4+ 47. gxf4+ Kd5 1/2-1/2

[Event "Int. Stuttgarter Stadtmeisterschaft C"]
[Site "Ditzingen"]
[Date "2018.05.11"]
[Round "4.19"]
[White "Herrmann, David"]
[Black "Motzer, Eric"]
[Result "1-0"]
[WhiteElo "1335"]
[BlackElo "1026"]
[PlyCount "53"]
[EventDate "2018.??.??"]
[WhiteTeam "SV Weil der Stadt"]
[BlackTeam "SF Nabern"]

1. d4 d5 2. c4 c6 3. Nc3 Nf6 4. Bg5 e6 5. Nf3 h6 6. Bh4 Be7 7. e3 O-O 8. Be2
Ne8 9. Bxe7 Qxe7 10. cxd5 cxd5 11. O-O Nd6 12. Ne5 Nd7 13. Nxd7 Bxd7 14. Qb3
Rfc8 15. Rac1 Rab8 16. Nb5 Bxb5 17. Bxb5 Nxb5 18. Qxb5 Rc6 19. Rxc6 bxc6 20.
Qxb8+ Kh7 21. Rc1 e5 22. Qxe5 Qb7 23. b3 Qb4 24. Qc7 Qd2 25. Qxc6 Qxa2 26. Qc2+
Qxc2 27. Rxc2 1-0

[Event "Int. Stuttgarter Stadtmeisterschaft C"]
[Site "Ditzingen"]
[Date "2018.05.11"]
[Round "4.20"]
[White "Hoffmann, Simon"]
[Black "Habinski, David"]
[Result "1-0"]
[WhiteElo "1232"]
[BlackElo "1013"]
[PlyCount "47"]
[EventDate "2018.??.??"]
[WhiteTeam "Schach-Kids Bernhausen"]
[BlackTeam "TSV Schönaich"]

1. e4 c5 2. Nf3 d6 3. d4 cxd4 4. Nxd4 Nf6 5. Nc3 g6 6. g3 Bg7 7. Bg2 O-O 8. O-O
Nc6 9. Be3 Bd7 10. f4 Qc8 11. Nxc6 bxc6 12. Qd3 Bh3 13. f5 Bxg2 14. Kxg2 gxf5
15. exf5 Qd7 16. Qd2 Ng4 17. Bd4 Nf6 18. Qg5 Qb7 19. Kg1 Qxb2 20. Rac1 c5 21.
Bxf6 exf6 22. Qd2 Qb6 23. Nd5 Qc6 24. Ne7+ 1-0

[Event "Int. Stuttgarter Stadtmeisterschaft C"]
[Site "Ditzingen"]
[Date "2018.05.12"]
[Round "5.2"]
[White "Stecher, Oliver"]
[Black "Stegmiller, Dennis"]
[Result "0-1"]
[WhiteElo "1181"]
[BlackElo "1502"]
[PlyCount "66"]
[EventDate "2018.??.??"]
[WhiteTeam "SSV Zuffenhausen"]
[BlackTeam "TSF Ditzingen"]

1. e4 e5 2. Nf3 Nc6 3. Nc3 Nf6 4. Bb5 Bc5 5. Bxc6 dxc6 6. O-O O-O 7. d3 Re8 8.
Be3 Qd6 9. Bxc5 Qxc5 10. Qd2 h6 11. Rae1 Bg4 12. d4 exd4 13. Nxd4 Rad8 14. Nb3
Rxd2 15. Nxc5 b6 16. e5 Nd5 17. f3 Nxc3 18. bxc3 Bc8 19. Nb3 Rxc2 20. Rf2 Rxc3
21. f4 f6 22. Nd4 Rc4 23. Rd2 Rd8 24. Nf3 Rxd2 25. Nxd2 Rd4 26. Nf3 Rxf4 27. e6
Kf8 28. Kf2 Ke7 29. g3 Ra4 30. Nh4 Bxe6 31. Ng6+ Kf7 32. Nf4 Rxa2+ 33. Kf3 Bd5+
0-1

[Event "Int. Stuttgarter Stadtmeisterschaft C"]
[Site "Ditzingen"]
[Date "2018.05.12"]
[Round "5.3"]
[White "Meißner, Ole"]
[Black "Eid, Sami"]
[Result "1/2-1/2"]
[WhiteElo "1298"]
[BlackElo "1034"]
[PlyCount "54"]
[EventDate "2018.??.??"]
[WhiteTeam "SK Bietigheim-Bissingen"]
[BlackTeam "SF Freiberg"]

1. e4 e5 2. Nf3 Nc6 3. Bc4 Bc5 4. c3 Nf6 5. d4 exd4 6. cxd4 Bb4+ 7. Nc3 d5 8.
exd5 Nxd5 9. Bd2 Bxc3 10. bxc3 Bg4 11. O-O O-O 12. Bg5 Qd6 13. Qd3 Na5 14. Bxd5
Qxd5 15. Ne5 Bh5 16. Qg3 g6 17. Bf6 Qd6 18. Qf4 Rae8 19. Rfe1 Re6 20. Bh4 f6
21. Nd3 Qxf4 22. Nxf4 Rxe1+ 23. Rxe1 Bg4 24. Nd5 g5 25. Bg3 c6 26. Ne3 Re8 27.
Kf1 Be6 1/2-1/2

[Event "Int. Stuttgarter Stadtmeisterschaft C"]
[Site "Ditzingen"]
[Date "2018.05.12"]
[Round "5.4"]
[White "Rappazzo, Johannes"]
[Black "Hennicken, Arnold"]
[Result "1/2-1/2"]
[WhiteElo "1494"]
[BlackElo "1298"]
[PlyCount "64"]
[EventDate "2018.??.??"]
[WhiteTeam "Zürich Chess4Kids"]
[BlackTeam "SF Esch"]

1. e4 e5 2. Nf3 Nc6 3. Bc4 Bc5 4. Nc3 Nf6 5. d3 h6 6. h3 a6 7. a3 d6 8. Be3 Nd4
9. Bxd4 exd4 10. Ne2 Be6 11. Bxe6 fxe6 12. Nexd4 Qd7 13. Nb3 Ba7 14. Qe2 e5 15.
Nh4 Qf7 16. Nf5 O-O-O 17. Qd2 g5 18. Qb4 Nh5 19. Na5 Bb6 20. Nc4 Bc5 21. Qa5
Ng7 22. g4 Nxf5 23. gxf5 Ba7 24. Ne3 Qh5 25. Ng4 Qh4 26. Qd2 h5 27. Ne3 g4 28.
Ng2 Qf6 29. hxg4 hxg4 30. O-O-O Rxh1 31. Rxh1 Rh8 32. Qe1 b5 1/2-1/2

[Event "Int. Stuttgarter Stadtmeisterschaft C"]
[Site "Ditzingen"]
[Date "2018.05.12"]
[Round "5.5"]
[White "Charalambakis, Michail"]
[Black "Weisensel, Wolfgang"]
[Result "0-1"]
[WhiteElo "1517"]
[BlackElo "1685"]
[PlyCount "112"]
[EventDate "2018.??.??"]
[WhiteTeam "SV Altbach"]
[BlackTeam "Stuttgarter SF"]

1. d4 d5 2. Nf3 Nf6 3. h3 e6 4. Bf4 Bd6 5. Ne5 O-O 6. e3 c6 7. Bd3 Qc7 8. Nd2
Nbd7 9. Ndf3 Ne4 10. Bxe4 dxe4 11. Nd2 f5 12. Nxd7 Bxd7 13. Bxd6 Qxd6 14. O-O
b5 15. c3 Rfd8 16. Nb3 a5 17. Nc5 Bc8 18. a3 g6 19. f3 exf3 20. Rxf3 a4 21. Qe1
Kg7 22. Qh4 Re8 23. Qg3 Qxg3 24. Rxg3 e5 25. h4 exd4 26. cxd4 Rf8 27. Rf1 Rf6
28. Rgf3 Ra7 29. g4 Rd6 30. g5 Re7 31. R1f2 Be6 32. Rd2 Bd5 33. Rg3 Rd8 34. Re2
f4 35. Rg4 Bf3 36. Rgg2 Bxg2 37. Kxg2 fxe3 38. b3 Rxd4 39. Kf3 Rxh4 40. bxa4
bxa4 41. Nd3 Rd4 42. Nb4 Rd2 43. Nxc6 Rxe2 44. Nxe7 Re1 45. Nd5 Ra1 46. Kxe3
Rxa3+ 47. Kd2 Rg3 48. Nc7 a3 49. Kc2 h5 50. gxh6+ Kxh6 51. Kb1 Rf3 52. Ka2 g5
53. Nb5 g4 54. Nd4 Kh5 55. Ne2 Rf2 56. Kxa3 Rxe2 0-1

[Event "Int. Stuttgarter Stadtmeisterschaft C"]
[Site "Ditzingen"]
[Date "2018.05.12"]
[Round "5.6"]
[White "Arvai, Marton"]
[Black "Drianis, Anton"]
[Result "1-0"]
[WhiteElo "1418"]
[BlackElo "1233"]
[PlyCount "61"]
[EventDate "2018.??.??"]
[WhiteTeam "TSV Münchingen"]
[BlackTeam "SK Gerlingen"]

1. e4 e6 2. d4 d5 3. e5 c5 4. c3 Nc6 5. Bb5 Bd7 6. Bxc6 Bxc6 7. Nf3 f6 8. O-O
Qc7 9. Re1 O-O-O 10. exf6 gxf6 11. Rxe6 Re8 12. Qe2 Ne7 13. Qe1 Bd7 14. Re3 Bg4
15. h3 Bd7 16. dxc5 Rg8 17. Kh1 Qxc5 18. Nbd2 Bh6 19. Nb3 Qd6 20. Re2 Bb5 21.
Bxh6 Bxe2 22. Qxe2 Nf5 23. Qd2 Rg6 24. Bf4 Qb6 25. Qxd5 Qxf2 26. Qxf5+ Kd8 27.
Rd1+ Ke7 28. Qd7+ Kf8 29. Bd6+ Kg8 30. Qxe8+ Kg7 31. Qf8# 1-0

[Event "Int. Stuttgarter Stadtmeisterschaft C"]
[Site "Ditzingen"]
[Date "2018.05.12"]
[Round "5.7"]
[White "Kandler, Christoph"]
[Black "Wilczek, Daniel"]
[Result "1/2-1/2"]
[WhiteElo "1557"]
[BlackElo "1139"]
[PlyCount "96"]
[EventDate "2018.??.??"]
[WhiteTeam "SF Nabern"]
[BlackTeam "SV Backnang"]

1. e4 e5 2. Nf3 Nc6 3. Bc4 Nf6 4. Ng5 d5 5. exd5 Nxd5 6. Nxf7 Kxf7 7. Qf3+ Qf6
8. Bxd5+ Ke7 9. Bxc6 Qxc6 10. Qxc6 bxc6 11. O-O Kf6 12. Nc3 Bf5 13. d3 Re8 14.
Be3 a6 15. Rae1 Bd6 16. Ne4+ Kg6 17. Nc5 Bxc5 18. Bxc5 e4 19. d4 a5 20. Re3 Re6
21. h3 h5 22. c3 Ra8 23. f3 exf3 24. Rxe6+ Bxe6 25. Rxf3 Bxa2 26. Re3 Rb8 27.
Re2 Bc4 28. Re7 Rxb2 29. Rxc7 Bd5 30. Bf8 Rxg2+ 31. Kf1 Kf6 32. Ra7 Rg3 33. h4
Bf7 34. Rxa5 Rxc3 35. Rg5 g6 36. Re5 Bd5 37. Ke2 Bc4+ 38. Kf2 Rh3 39. Kg2 Rd3
40. Be7+ Kf7 41. Bc5 Bd5+ 42. Kh2 Kf6 43. Re8 Rd2+ 44. Kg3 Rg2+ 45. Kf4 Rg4+
46. Ke3 Rxh4 47. Be7+ Kf7 48. Bxh4 Kxe8 1/2-1/2

[Event "Int. Stuttgarter Stadtmeisterschaft C"]
[Site "Ditzingen"]
[Date "2018.05.12"]
[Round "5.8"]
[White "Jüttner, Mark"]
[Black "Volk, Emil"]
[Result "1-0"]
[WhiteElo "1472"]
[BlackElo "947"]
[PlyCount "43"]
[EventDate "2018.??.??"]
[WhiteTeam "SpVgg Rommelshausen"]
[BlackTeam "SC Grunbach"]

1. f4 d5 2. Nf3 Nc6 3. e3 e6 4. Bb5 Bd7 5. Bxc6 Bxc6 6. b3 Bd6 7. Bb2 Nf6 8.
Ne5 Bxe5 9. Bxe5 O-O 10. O-O Qe7 11. d3 Rad8 12. Qf3 d4 13. e4 Rd7 14. Nd2 b5
15. Qh3 h6 16. Rf3 Kh8 17. Rg3 Rg8 18. Nf3 h5 19. Nxd4 Qc5 20. Rg5 Kh7 21.
Rxh5+ Kg6 22. Rg5# 1-0

[Event "Int. Stuttgarter Stadtmeisterschaft C"]
[Site "Ditzingen"]
[Date "2018.05.12"]
[Round "5.9"]
[White "Fischer, Uta"]
[Black "Herrmann, David"]
[Result "0-1"]
[WhiteElo "1074"]
[BlackElo "1335"]
[PlyCount "122"]
[EventDate "2018.??.??"]
[WhiteTeam "SC Aidlingen"]
[BlackTeam "SV Weil der Stadt"]

1. e4 c5 2. Nc3 Nc6 3. Nf3 d6 4. Bb5 Bd7 5. O-O Nf6 6. h3 e6 7. d3 Be7 8. Bg5
O-O 9. a3 a6 10. Bc4 Rc8 11. Qd2 Na5 12. Ba2 c4 13. b4 cxb3 14. Bxb3 Nxb3 15.
cxb3 Qb6 16. b4 Rfe8 17. Rae1 Bc6 18. Qe3 Qd8 19. e5 Bxf3 20. exf6 Bxf6 21.
Bxf6 Qxf6 22. Ne4 Bxe4 23. dxe4 Qc3 24. Qxc3 Rxc3 25. Ra1 h6 26. Rfd1 Rd8 27.
f3 Kf8 28. Rdc1 Rdc8 29. Rd1 Ke7 30. Re1 Rc2 31. Kf1 Rd2 32. Re2 Rcc2 33. Rxd2
Rxd2 34. Rc1 Kd7 35. Rc3 d5 36. exd5 Rxd5 37. Ke2 a5 38. Rd3 Rxd3 39. Kxd3 axb4
40. axb4 Kd6 41. f4 Kd5 42. g3 b5 43. h4 h5 44. Ke3 f5 45. Kd3 g6 46. Kd2 Kc4
47. Ke3 Kxb4 48. Kd4 Kb3 49. Ke5 Kc3 50. Kxe6 b4 51. Kf6 b3 52. Kxg6 b2 53.
Kxf5 b1=Q+ 54. Kg5 Qd1 55. f5 Qg4+ 56. Kh6 Qxf5 57. Kg7 Kd4 58. Kh6 Ke5 59. g4
Qxg4 60. Kh7 Kf6 61. Kh8 Qg7# 0-1